000 00310nam a22001337a 4500
008 170130b xxu||||| |||| 00| 0 eng d
020 _a072167562X
041 _aeng
080 _a61
100 _a3
101 _aSHMI
245 _aDIAGNOSIS OF BONE AND JOINT DISORDERS
_cRESNICK & NIWAYAMA
942 _2udc
_cBK
999 _c3955
_d3955